| 000 | 00477nam a2200157Ia 4500 | ||
|---|---|---|---|
| 008 | 240729s9999 xx 000 0 und d | ||
| 022 | _a2582-4899 | ||
| 245 | 0 | _aJournal of Horticultural Sciences | |
| 260 | _aIndia | ||
| 260 | _bSociety for Promotion of Horticulture - Indian Institute of Horticultural Research | ||
| 650 | _a Plant culture | ||
| 650 | _aAgriculture | ||
| 856 | _uhttps://doaj.org/toc/a0d6948a726743f0bde1ae05bf9af2f2 | ||
| 942 | _2ddc | ||
| 942 | _cDOAJEJ | ||
| 999 |
_c73261 _d73261 |
||
| 945 |
_a1 _bMadushi Gamage _c1 _dMadushi Gamage |
||